| 000 | 00690na a2200265 4500 | ||
|---|---|---|---|
| 001 | 12708 | ||
| 003 | MIRAKIL | ||
| 005 | 20181213154810.0 | ||
| 008 | 160922b tu 000 0 | ||
| 020 | _a9789944500685 | ||
| 035 | _a12708 | ||
| 040 |
_aMilas _btur _cTR-AnCHP |
||
| 082 |
_a297.5 _bY91b 2010 |
||
| 090 | _a297.5 Y91b 2010 | ||
| 100 | _aYücel, Ali | ||
| 245 |
_aBana göre İslam dini _bFıtratın sesi _cAli Yücel |
||
| 246 | _aFıtratın sesi | ||
| 250 | _a2. bs. | ||
| 260 |
_aAnkara _bBelen Yayıncılık _c2010 |
||
| 300 |
_a536 s. _c20 sm. |
||
| 650 | _aDini Vicdan | ||
| 650 |
_aFıtrat _yYorum ve eleştiri |
||
| 650 |
_aİslam _xEleştiri |
||
| 942 |
_2ddc _cBKS |
||
| 999 |
_c1048 _d1048 |
||